00527 a2200169 4500020002900000020002500029050001600054100002600070245005700096250001200153264004100165300003100206500001900237504005100256650003900307651001100346 a9780415479561 (hardback) a9780415482875 (pbk.)00aDT31THO20101 aThomson, Alex,d1966-13aAn introduction to African politics /cAlex Thomson. a3rd ed. aHoboken : b Taylor & Francis,c2010 axv, 291 p. :bill., maps ; aincludes index aIncludes bibliographical references and index. aAfrica -- Politics and government. 0aAfrica